00944nam a2200241 i 450000100060000000300090000600500170001500700030003200800410003501700530007604000130012910000320014224501160017425000250029026000350031530000330035070000560038370000320043985200740047194200180054599900170056395201220058064313ES-MaACL20250916063044.0t|031223s1969 sp ||||1| spa d aB 29219-1972bOficina Depósito Legal Barcelona cES-MaACL1 aFloriot, René951336eaut14aLos errores judiciales / cRené Floriot ; prólogo de Octavio Pérez-Vitoria ; [traducción Jesús Ruiz]. a[Primera edición]. aBarcelona : bNoguer, c[1969] aXV, 274 páginas ; c22 cm.1 aPérez-Vitoria Moreno, Octavio, d1912-20109912011 aRuiz, Jesús.9100613etrl aES-MaACLjC-38367 bR.71548966731cDEPO2xEncuadernación rústica cMONOGRAFIAn0 c64313d64313 00104070aATENEOMbATENEOMcDEPO2d2008-01-17eSCl0oC-38367p1067394r2023-02-23 00:00:00w2023-02-23yMONOGRAFIA